01019cam a2200289 a 4500001000500000005001700005008004100022020001700063020001500080020001500095020002700110040002300137050002300160082001400183100002000197245006800217250004300285260004400328300003900372505000800411520019100419521002000610521002000630650002500650650002200675700003200697128320230815132154.0890803s1990 nyua j 000 1 eng  a0688085539 : a0439148057 a0380710870 a0688085547 (lib. bdg.) aDLCcDLCdDLCbeng00aPZ7.C5792bMu 199000a[Fic]2201 aCleary, Beverly10aMuggie Maggie /cBeverly Cleary ; illustrated by Tiegreen, Alan aFirst Avon Camelot Printing : May 1991 aNew York :bMorrow Junior Books,c1990. a70 pages : bIllustrations c20 cm aR  aMaggie resists learning cursive writing in the third grade, until she discovers that knowing how to read and write cursive promises to open up an entirely new world of knowledge for her. a730 bLexile  aR bRaz-Plus  1aPenmanshipxFiction. 1aSchoolsxFiction.1 aTiegreen ,AlaneIllustrator